000 00721nam a22002297a 4500
005 20250811160550.0
008 250811b |||||||| |||| 00| 0 eng d
020 _a978-93-85258-59-6 (hbk)
037 _cTB
040 _aCRL
_cCRL
041 _2URD
_aURD
084 _aNW440a168 168Q8
_bCRL
100 _aKolur, Saleema Bi
_9817756
245 _aUrdu zuban aur Hindi cinema
260 _aDelhi, India:
_bTakhleeqkar Publishers,
_c2018.
300 _a400p.
365 _b350.00
_cINR
650 _aArts-Motion Pictures
650 _aUrdu Language
942 _2CC
_cTB
_hNW440a168 168Q8
_n0
999 _c1434688
_d1434688